| 000 | 01048 a2200289 4500 | ||
|---|---|---|---|
| 003 | OSt | ||
| 005 | 20260203103335.0 | ||
| 008 | 120214t xxu||||| |||| 00| 0 eng d | ||
| 010 | _a 2004110958 | ||
| 020 | _a9780500342060 | ||
| 020 | _a0500342067 | ||
| 040 | _c0 | ||
| 082 | _a720.92 | ||
| 100 | 1 |
_aSteele, James, _931745 |
|
| 245 | 1 | 4 |
_aThe architecture of Rasem Badran : _bnarratives on people and place / _cJames Steele. |
| 246 | 3 | 0 | _aRasem Badran |
| 260 |
_aNew York, N.Y. : _bThames & Hudson, _c2005. |
||
| 300 |
_a256 p. : _bill. (some col.) ; _c28 cm. |
||
| 500 | _aIncludes index. | ||
| 600 | 1 | 0 |
_aBadran, Rasem, _d1945- _xCriticism and interpretation. _931746 |
| 650 | 0 |
_aArchitecture _zMiddle East _xHistory _y20th century. _931747 |
|
| 650 | 0 |
_aArchitecture _zMiddle East _xHistory _y21st century. _931748 |
|
| 700 | 1 |
_aBadran, Rasem, _d1945- _931749 |
|
| 942 |
_aSADA _cBK _k720.92 STE 2005 _2ddc |
||
| 999 |
_c352146 _d352146 |
||